• 首页
  • 本馆介绍
  • 公告通知
  • 最新文献
  • 馆藏检索
  • 电子资源
  • 读者导购
  • 参考咨询
  • 我的图书馆
  • 登录
  • 详细信息显示
  • 放入我的书架
  • 预约/预借图书
  • 作者相关作品
  • 分类相关作品
  • 丛书相关作品
  • 出版社相关作品

书目信息

  • 表格格式
  • 工作单格式
  • 卡片格式
题名:
欧洲经济共同体各国的银行制度和货币政策
    
 
作者: 维克托·摩根 著 ;北京经济学院经济研究所中国银行总管理处 译
分册:  
出版信息: 北京   商务印书馆  1978.06
页数: 280页
开本: 19cm
丛书名:
单 册:
中图分类: F831.1
科图分类:
主题词: 金融 , 银行
电子资源:
ISBN:
000 00874nam0 2200241 45
001 0303271442
005 20031219104107.8
010    @dCNY0.84
091    @a4017.194
100    @a20030327d1978 km y0chiy0120 ea
101 0  @achi
105    @a z 000yy
200 1  @a欧洲经济共同体各国的银行制度和货币政策@AOu Zhou Jing Ji Gong Tong Ti Ge Guo De Yin Hang Zhi Du He Huo Bi Zheng Ce@f(英)维克托·摩根等著@F(Ying)Wei Ke Tuo·Mo Gen Deng Zhu@g北京经济学院经济研究所中国银行总管理处译
210    @a北京@c商务印书馆@d1978.06
215    @a280页@d19cm
300    @a内部参考发行
606 0  @a金融
606 0  @a银行
690    @aF831.1@v3
701  0 @a维克托·摩根@4著
712 02 @a北京经济学院经济研究所中国银行总管理处@ABei Jing Jing Ji Xue Yuan JingJi Yan Jiu Suo Zhong Guo Yin Hang Zong Guan Li Chu@4译
801    @aCN@bTSTC@c20030327
905    @f1@b5642@dF831.1@e2
    
    欧洲经济共同体各国的银行制度和货币政策/(英)维克托·摩根等著/北京经济学院经济研究所中国银行总管理处译.-北京:商务印书馆,1978.06
    280页;19cm
    内部参考发行
    
    ISBN :CNY0.84
    
●
相关链接 在E读中查询图书 在五车中查询图书 在当当中查询图书 在豆瓣中查询图书


正题名:欧洲经济共同体各国的银行制度和货币政策     索取号:F831.1/2         预约/预借

序号 登录号 条形码 馆藏地/架位号 状态 备注
1 0005642   001773799   第一样本阅览室/ [索取号:F831.1/2] 在馆    
唐山师范学院图书馆 欢迎您!
大连网信软件有限公司© 版权所有